000 00641nam a22002055i 4500
001 68665
003 ES-MaACL
005 20230906170330.0
007 t|
008 960814s1887 fr ||||1| fre d
040 _aCAM
_bspa
_cCAM
100 1 _aGebhart, Emile.
_956188
245 1 3 _aLa renaissance italienne et la philosophie de l'histoire ... /
_cpar Emile Gebhart.
260 _aParis :
_blibrairie Léopold Cerf,
_c1887 (
_eVersailles :
_fCerf et fils)
300 _aIX, 270, [1] p. ;
_c18 cm.
490 1 _aEtudes méridionales
830 0 _aEtudes méridionales
_9230953
852 _aES-MaACL
_jF-9259
999 _c68665
_d68665